01075nam a2200325 c 450000100060000000300100000600500170001600700030003300800410003602000180007704000350009504100080013008200200013810000420015824500750020025000220027526400490029730000670034633600270041333700330044033800280047349000340050150400410053552100410057665000260061765000250064365000300066865000290069865000220072759133CO-BoRNBP20250911193026.0ta210827s2015 ck ao er 000 1 spa d a9789587765328 aCO-BoRNBPbspaerdacCO-BoRNBP0 aspa04a398.2bC17m222 aCastellanos de Zubiría, Susanaeaut10aMitos y leyendas del mundo. Tomo I /cSusana Castellanos de Zubiría. aPrimera edición 1aBogotá, Colombia :bNorma Ediciones,c2015 a148 páginas :bilustraciones, fotografías a blanco y negro 2rdacontentatextobtxt 2rdamediaasin mediaciónbn 2rdacarrieravolumenbnc aBiblioteca Susana Castellanos aIncluye referencias bibliográficas aRecomendado para un público adulto07aCultura popular2lemb07aDioses griegos2lemb07aMitología egipcia2lemb07aMitología griega2lemb07aMitología2lemb